000 00505cam a22002171 4500
001 sa 63001703
003 DLC
005 20260227111929.0
008 890501s1962 ii 000 0 hino
010 _asa 63001703
035 _a(OCoLC)19639616
040 _aDLC
_cWaU
_dDLC
042 _apremarc
050 0 0 _aPK2033
_b.S24
100 1 _aSanghi, Kamala.
245 1 0 _aSāhityika nibandha.
260 _c[1962]
300 _a208 p.
_c19 cm.
500 _aIn Hindi.
650 0 _aHindi literature.
999 _c54084
_d54084